|
|
|
|
| LEADER |
00000nam a22000007i 4500 |
| 001 |
IT\ICCU\UBO\2261074 |
| 003 |
ItRI |
| 005 |
20260115231816.0 |
| 008 |
030730s1998 xxk|||||| ||||| |||||c |
| 020 |
|
|
|a 0352332441
|
| 040 |
|
|
|b ita
|c importazione bologna sebina
|
| 041 |
|
7 |
|a eng
|2 ISO-639-2
|
| 100 |
1 |
|
|a Hunter, Jeff
|0 IT\ICCU\UBOV\817884
|4 aut
|
| 245 |
1 |
0 |
|a Conquistador /
|c Jeff Hunter.
|
| 260 |
|
|
|a London :
|b Idol,
|c c1998
|
| 300 |
|
|
|a 210 p. ;
|c 19 cm.
|
| 942 |
|
|
|2 ddc
|c BK
|n 0
|
| 952 |
|
|
|0 0
|1 0
|4 0
|6 DOC_823_914000000000000_HUN
|7 0
|9 13158
|a BO
|b BO
|d 2026-01-15
|i 7641
|l 0
|o DOC 823.914 HUN
|p BO7641
|r 2026-01-15 23:18:16
|w 2026-01-15
|x [Sebina 5] [1 v.]
|y BK
|z 1 v.
|
| 999 |
|
|
|c 11284
|d 11284
|